000 008080000a22002290004500
003 LK-CoMWRAF
005 20240315110436.0
008 230817t1987 ||||| |||| 00| 0 eng d
040 _aLK-CoMWRAF
_dLK-CoMWRAF
_eLK-CoMWRAF
041 _aeng
082 _a348.5493
_bSRI
110 _aSri Lanka, Democratic Socialist Republic
245 _a1985 supplement (unofficial) to the revised edition of the legislative enactments of Sri Lanka
260 _aColombo:
_c1987
300 _a91-103 p.
490 _avol.I part 8 & 9
500 _acompanies, Sri Lanka state trading corporations,code of intellectual property, coconut products, CISIR, DFC,BCS,TD,CHC, GCEC
650 _aLAW-Sri Lanka
650 _aCivil law and procedure
700 _a Deheragoda, E. R. K. D. M. Hector
_ecomp.
942 _cBK
999 _c2769
_d2769